Statistics for Steve Quiz

Click here to take the quiz!

General Stats

  • This quiz has been taken 11 times
  • The average score is 5 of 12

Answer Stats

HintAnswer% Correct
What is Steve's favorite color?Blue
82%
How many hole in ones does Steve have?one
82%
What state does Steve live in now?Massachusetts
73%
What month was Steve born in?May
64%
What year was Steve born?1966
55%
What "Piano Man" singer was born on the same month and day, in a different year, as Steve?Billy Joel
55%
What state was Steve born in?Connecticut
36%
On what island does Steve work?Nantucket
27%
What is Steve's middle name?Armand
9%
What is Steve's wife's name?Jill
9%
What is Steve's daughter's name?Kacy
9%
What is Steve's son's name?Tucker
9%

Score Distribution

Percentile by Number Answered

Percent of People with Each Score

Your Score History

You have not taken this quiz